| 000 | 00798cam a2200205 4500 | ||
|---|---|---|---|
| 001 | WB3734-17 | ||
| 008 | 010911n2001 000 0 eng u | ||
| 035 | _a(Sirsi) u114525 | ||
| 245 | _aHeat off property prices | ||
| 260 | _c2001 | ||
| 490 |
_aEstate Agency News _v(171) September 2001, 5(1) |
||
| 520 | _aA survey from the National Association of Estate Agents (NAEA) indicates a slowdown in the housing market due to the summer holiday season, and predicts a slight drop in overall demand. The survey also found that high stamp duty is a detterent for many house buyers. | ||
| 590 | _aWB | ||
| 650 | _aHOUSE PRICES | ||
| 650 | _aHOUSING MARKET | ||
| 650 | _aSTAMP DUTY | ||
| 650 | _aHOUSE BUYERS | ||
| 690 | _aPROPERTY-RESIDENTIAL PROPERTY-RESIDENTIAL PROPERTY MARKET | ||
| 942 | _n0 | ||
| 999 |
_c68231 _d68231 |
||